NLSUI OPAC header image

Cyber law and information technology protection / (Record no. 30519)

MARC details
000 -LEADER
fixed length control field 00589nam a2200217Ia 4500
003 - CONTROL NUMBER IDENTIFIER
control field OSt
005 - DATE AND TIME OF LATEST TRANSACTION
control field 20260316055535.0
008 - FIXED-LENGTH DATA ELEMENTS--GENERAL INFORMATION
fixed length control field 160316s2012 xxu||||| |||| 00| 0 eng d
020 ## - INTERNATIONAL STANDARD BOOK NUMBER
International Standard Book Number 9788120345706
040 ## - CATALOGING SOURCE
Transcribing agency NLS
082 ## - DEWEY DECIMAL CLASSIFICATION NUMBER
Classification number 343.09945 CHA
100 ## - MAIN ENTRY--PERSONAL NAME
Personal name Chander, Harish
245 ## - TITLE STATEMENT
Title Cyber law and information technology protection /
Statement of responsibility, etc. Harish Chander
260 ## - PUBLICATION, DISTRIBUTION, ETC.
Place of publication, distribution, etc. New Delhi :
Name of publisher, distributor, etc. PHI Learning,
Date of publication, distribution, etc. 2012.
300 ## - PHYSICAL DESCRIPTION
Extent xix, 267 p. ;
Dimensions 23 cm.
365 ## - TRADE PRICE
Price amount Rs. 325
650 ## - SUBJECT ADDED ENTRY--TOPICAL TERM
Topical term or geographic name entry element Cyber laws -- India
650 ## - SUBJECT ADDED ENTRY--TOPICAL TERM
Topical term or geographic name entry element Information technology -- India
700 ## - ADDED ENTRY--PERSONAL NAME
Personal name
--
942 ## - ADDED ENTRY ELEMENTS (KOHA)
Source of classification or shelving scheme Dewey Decimal Classification
Koha item type BOOKs
Holdings
Withdrawn status Lost status Damaged status Not for loan Home library Current library Shelving location Date acquired Cost, normal purchase price Total Checkouts Full call number Barcode Date last seen Price effective from Koha item type Date last checked out
        . .   30.05.2017 325.00   343.09945 CHA-1 27835 30.05.2017 30.05.2017 BOOKs  
        . .   30.05.2017 325.00 1 343.09945 CHA-2 27836 01.02.2018 30.05.2017 BOOKs 30.01.2018
        . .   30.05.2017 325.00 1 343.09945 CHA-3 27837 06.12.2024 30.05.2017 BOOKs 18.11.2024